000
00357nam a22001697a 4500
005
20160628160314.0
008
160628b xxu||||| |||| 00| 0 eng d
020
_a
978-0-07-133214-9
041
_a
eng
082
_b
10795
100
_a
Sharma, Arun
_9
3117
245
_a
CAT
260
_b
TMH
300
_a
641
650
_a
Management
_9
241
942
_c
BK
999
_c
4554
_d
4553